The legal framework of the Hungarian family protection scheme

Elmentve itt :
Bibliográfiai részletek
Szerző: Hajdú József
Dokumentumtípus: Cikk
Megjelent: Szegedi Tudományegyetem Állam- és Jogtudományi Karának tudományos bizottsága Szeged 2005
Sorozat:Acta Universitatis Szegediensis : acta juridica et politica 67 No. 9
Kulcsszavak:Szociálpolitika - Magyarország - jogi szabályozás, Családpolitika - Magyarország
Tárgyszavak:
Online Access:http://acta.bibl.u-szeged.hu/7274
LEADER 00911nab a2200217 i 4500
001 acta7274
005 20231205121410.0
008 161015s2005 hu o 0|| hun d
022 |a 0324-6523 
040 |a SZTE Egyetemi Kiadványok Repozitórium  |b hun 
041 |a hun 
041 |a eng 
100 1 |a Hajdú József 
245 1 4 |a The legal framework of the Hungarian family protection scheme  |h [elektronikus dokumentum] /  |c  Hajdú József 
260 |a Szegedi Tudományegyetem Állam- és Jogtudományi Karának tudományos bizottsága  |b Szeged  |c 2005 
300 |a 1-49 
490 0 |a Acta Universitatis Szegediensis : acta juridica et politica  |v 67 No. 9 
650 4 |a Társadalomtudományok 
650 4 |a Jogtudomány 
695 |a Szociálpolitika - Magyarország - jogi szabályozás, Családpolitika - Magyarország 
856 4 0 |u http://acta.bibl.u-szeged.hu/7274/1/juridpol_067_fasc_009_001-049.pdf  |z Dokumentum-elérés